000 00985cam a2200229 4500
008 090401t1995 xxu||||| |||| 00| 0 eng d
020 _a0644453311
022 _a1018-6530
035 _a(Sirsi) u70595
041 _aeng
050 _a526.92
_c18
110 _aFederation International Des Geometres
245 4 _aThe FIG statement on the cadastre
260 _aCanberra
_bFIG
_c1995
300 _aviii, 22p.
_c21cm.
350 _a0
490 _aFIG Publication
_v11 1995
520 _aEmphasises the importance of the cadastre as a land information system for social and economic development and gives examples of legal, organisational and technical issues that need to be addressed in order to establish and maintain a cadastre. Also describes some of the different roles played by surveyors in the management and operation of a cadastre.
690 _aENVIRONMENTAL AND LAND CONSULTANCY-GEOMATICS-LAND SURVEYING-CADASTRAL SURVEYING
942 _n0
948 _c04/03/1997
999 _c95344
_d95344